| 000 | 00516pab a2200157 454500 | ||
|---|---|---|---|
| 008 | 180718b2003 xxu||||| |||| 00| 0 eng d | ||
| 100 | _aLeibovitz, Joseph | ||
| 245 | _aInstitutional barriers to associative city-region governance: the politics of institution-building and economic governance in `Canada's Technology Triangle' | ||
| 260 | _c2003 | ||
| 300 | _ap.2613-642. | ||
| 362 | _aDec | ||
| 650 | _aEconomic governance - Canada | ||
| 650 | _aEconomic governance | ||
| 773 | _aUrban Studies | ||
| 909 | _a58774 | ||
| 999 |
_c58774 _d58774 |
||